| 000 | 00383nam a2200169Ia 4500 | ||
|---|---|---|---|
| 100 | _aBalabanian/Norman | ||
| 650 | _aLogic Design | ||
| 942 | _cBK | ||
| 366 | _f20 | ||
| 654 | _alogic design | ||
| 245 | _aDigital logic design principles | ||
| 260 |
_bWiley student edition _aNew Delhi _c2002 |
||
| 082 |
_a621.38/BAL _bBAL |
||
| 300 | _a373 | ||
| 546 | _aENGLISH | ||
| 999 |
_c24311 _d24311 |
||